Statistics for Increasingly Harder U.S. Quiz 2

Click here to take the quiz!

General Stats

  • This quiz has been taken 31 times
    (4 since last reset)
  • The average score is 10 of 15

Answer Stats

QuestionAnswer% Correct
How many F5 tornadoes have been confirmed in the U.S?59
100%
Which nation did the U.S. get its independence from?Britain
100%
What is the United States' longest border?Canada
100%
Which continent is the U.S. located in?North America
100%
What country was Alaska purchased from?Russia
100%
What is the capital of the U.S?Washington D.C.
100%
In the American Revolution, what was the last battle?Yorktown
100%
Which of the following is not a territory of the U.S.?American-Solomon Islands
67%
Which nation has the U.S. bombed the most per capita?Laos
67%
What is the 38th U.S. state?Colorado
33%
How often does a new McDonald's open on average in the U.S.?Every 2 hours
33%
When did the U.S. gain independence from- wait, no, I can't say that.July 2, 1776
33%
What was the name of the U.S.' supercontinent before it split?Laurasia
33%
Which is a FAKE U.S. town name?Happy Way, Missouri
0%
Which state produces the most Christmas trees on average?Oregon
0%

Score Distribution

Percentile by Number Answered

Percent of People with Each Score

Your Score History

You have not taken this quiz since the last reset